ARRUPE JESUIT UNIVERSITY

CORONAVIRUS -STOP THE SPREAD - CLEAN,DISINFECT,COVER

The Penguin book of historic speeches / (Record no. 131232)

MARC details
000 -LEADER
fixed length control field 00977nam a2200289 a 4500
001 - CONTROL NUMBER
control field 3077350
003 - CONTROL NUMBER IDENTIFIER
control field ARRUPE
005 - DATE AND TIME OF LATEST TRANSACTION
control field 20220405084818.0
008 - FIXED-LENGTH DATA ELEMENTS--GENERAL INFORMATION
fixed length control field 961218s1996 enk b 000 0 eng d
010 ## - LIBRARY OF CONGRESS CONTROL NUMBER
LC control number 97135067
020 ## - INTERNATIONAL STANDARD BOOK NUMBER
International Standard Book Number 0140176195 (pbk.)
035 ## - SYSTEM CONTROL NUMBER
System control number (OCoLC)36109311
040 ## - CATALOGING SOURCE
Original cataloging agency OU
Transcribing agency OU
Modifying agency WaS
-- DLC
042 ## - AUTHENTICATION CODE
Authentication code lccopycat
050 04 - LIBRARY OF CONGRESS CALL NUMBER
Classification number PN6121
Item number .P39 1996
082 00 - DEWEY DECIMAL CLASSIFICATION NUMBER
Classification number 808.85
Edition number 21
300 ## - PHYSICAL DESCRIPTION
Dimensions 25 cm.
245 04 - TITLE STATEMENT
Title The Penguin book of historic speeches /
Statement of responsibility, etc edited by Brian MacArthur.
246 3# - VARYING FORM OF TITLE
Title proper/short title Historic speeches
260 ## - PUBLICATION, DISTRIBUTION, ETC. (IMPRINT)
Place of publication, distribution, etc London ;
-- New York, N.Y., USA :
Name of publisher, distributor, etc Penguin Books,
Date of publication, distribution, etc 1996.
300 ## - PHYSICAL DESCRIPTION
Extent xxiii, 503 p. ;
504 ## - BIBLIOGRAPHY, ETC. NOTE
Bibliography, etc Includes bibliographical references (p. [501]-503).
650 #0 - SUBJECT ADDED ENTRY--TOPICAL TERM
Topical term or geographic name as entry element Speeches, addresses, etc.
9 (RLIN) 5275
700 1# - ADDED ENTRY--PERSONAL NAME
Personal name MacArthur, Brian.
9 (RLIN) 51171
906 ## - LOCAL DATA ELEMENT F, LDF (RLIN)
a 7
b cbc
c copycat
d 2
e ncip
f 19
g y-gencatlg
942 ## - ADDED ENTRY ELEMENTS (KOHA)
Source of classification or shelving scheme Library of Congress Classification
Koha item type Monograph ( Printed materials)
Holdings
Withdrawn status Lost status Source of classification or shelving scheme Damaged status Not for loan Collection code Home library Current library Shelving location Date acquired Total Checkouts Full call number Barcode Date last seen Date checked out Price effective from Koha item type
    Library of Congress Classification     Main Collection ARRUPE LIBRARY ARRUPE LIBRARY Main Collection 05/04/2022 1 PN6121 .P39 1996 46600008424 26/05/2022 29/04/2022 05/04/2022 Monograph ( Printed materials)

 

Arrupe Library. PO Box MP320 Mt Pleasant, Harare, Zimbabwe
263 242 745411|librarian@aju.ac.zw